00565nam a2200169Ia 4500008004100000020001800041041000800059082001800067100001800085245004000103250000600143260005200149300001700201650002600218999001900244952013200263210716s2008 xx 000 0 und d a9788131509654 aeng a658.1599 MADJ aMadura, Jeff. aInternational financial management. a2 aNew DelhibCengage Learning India Pvt Ltdc2008 axxi,630/1992 aInternational Finance c198677d198677 00102ddc40738MBAaAIMITbAIMITd2005-01-25g425.00l0o658.1599 MADJpMBA01242r2025-07-21 00:00:00v425.00w2021-07-16yBK